000 00998nam a22003137a 4500
001 BR2012005047
003 BR-BrBNA
005 20230928104028.0
007 ta
008 230509b bl.||||| |||| 00| 0 por d
040 _aBR-BrBNA
_bpor
_cBiblioteca Nacional de Agricultura
041 _a(Por)
072 _aP10
090 _ P10 BR2012005047
100 1 _aMatangue, M.T.A.
110 1 _aUniversidade Federal de Lavras, MG (Brasil)
_0Tese (Mestrado)
245 1 _aComportamento hidrodinâmico e cinético dos reatores anaeróbios compartimentado (RAC)e manta de lodo (UASB)operados em série
260 3 _aLavras, MG (Brasil):
_c2011.
300 _a396 p.
500 _aSummaries (Eng, Por); Bibliography p. 346-361; 132 illus.; 29 tables
650 _aSUINOCULTURA
650 _aÁGUAS RESIDUAIS
650 _aTRATAMENTO DA ÁGUA
650 _aLODO RESIDUAL
650 _aANAEROBIOSE
650 _aMODELO MATEMÁTICO
909 _a202309
_bLucia
_c55
_dLucia Elande
942 _cBK
999 _c77763
_d77763